[Event "POL-chT U20"]
[Site "Chotowa"]
[Date "2025.06.22"]
[Round "9.28"]
[White "Obrycki, Tomasz"]
[Black "Mroczkowski, Adam"]
[Result "1-0"]
[WhiteElo "2034"]
[BlackElo "1869"]
[PlyCount "133"]
[EventDate "2025.06.14"]
[EventType "team-tourn"]
[EventRounds "9"]
[EventCountry "POL"]
[SourceTitle "CB27_2025"]
[SourceDate "2025.07.02"]
[SourceVersion "1"]
[SourceVersionDate "2025.07.02"]
[SourceQuality "1"]
[WhiteTeam "Bialystok Stoczek 45"]
[BlackTeam "Warszawa Polonia"]
[WhiteTeamCountry "POL"]
[BlackTeamCountry "POL"]

1. c4 c6 2. g3 Nf6 3. Bg2 d5 4. Nf3 g6 5. b3 Bg7 6. Bb2 0-0 7. 0-0 Re8 8. Qc2 a5 9. d3 Nbd7 10. Ne5 Nxe5 11. Bxe5 Bf5 12. Nd2 Rc8 13. Qc3 b5 14. Rad1 b4 15. Qb2 Qd7 16. e4 Bg4 17. f3 Be6 18. f4 Red8 19. Qa1 Bg4 20. Nf3 Qa7+ 21. Bd4 c5 22. Be5 dxe4 23. dxe4 Qb7 24. h3 Bd7 25. Bxf6 exf6 26. e5 fxe5 27. Nxe5 Qc7 28. Kh2 Be6 29. Bd5 Qe7 30. Rfe1 Rc7 31. Qc1 Re8 32. Qd2 h5 33. Qd3 Qf6 34. h4 Bf5 35. Qf3 Rce7 36. Nxf7 Rxe1 37. Ne5+ Kh7 38. Rxe1 Qd6 39. Nf7 Qb8 40. Ng5+ Kh8 41. Rxe8+ Qxe8 42. Be4 Bg4 43. Bxg6 Bxf3 44. Bxe8 Bd1 45. Bg6 Bd4 46. Ne6 Be3 47. Kg2 Bg4 48. Ng5 Kg7 49. Bd3 Bd1 50. Ne4 a4 51. bxa4 Bxa4 52. Nd6 Kf6 53. Kf3 Bd4 54. Nf5 Bd1+ 55. Kg2 Bb2 56. Ne3 Ba4 57. Kf3 Bd4 58. Nd5+ Ke6 59. Ne3 Bc6+ 60. Be4 Ba4 61. Bg6 Kf6 62. Bxh5 Bxe3 63. Kxe3 Bc2 64. Be2 Bb1 65. Kd2 Bxa2 66. Kc2 Kf5 67. Kb2 1-0

[Event "POL-chT U20"]
[Site "Chotowa"]
[Date "2025.06.20"]
[Round "7.28"]
[White "Mroczkowski, Adam"]
[Black "Ochedzan, Filip"]
[Result "0-1"]
[WhiteElo "1869"]
[BlackElo "1983"]
[PlyCount "96"]
[EventDate "2025.06.14"]
[EventType "team-tourn"]
[EventRounds "9"]
[EventCountry "POL"]
[SourceTitle "CB27_2025"]
[SourceDate "2025.07.02"]
[SourceVersion "1"]
[SourceVersionDate "2025.07.02"]
[SourceQuality "1"]
[WhiteTeam "Warszawa Polonia"]
[BlackTeam "Wroclaw Polonia Votum"]
[WhiteTeamCountry "POL"]
[BlackTeamCountry "POL"]

1. e4 c5 2. Nf3 d6 3. Bb5+ Nd7 4. d4 cxd4 5. Nxd4 Ngf6 6. 0-0 a6 7. Bd3 e6 8. c4 Nc5 9. Nc3 Nxd3 10. Qxd3 Be7 11. h3 Qc7 12. Be3 0-0 13. Rac1 b6 14. f4 Bb7 15. f5 Qd7 16. Rcd1 Rac8 17. b3 Rfe8 18. Nf3 Qc6 19. Nd4 Qd7 20. Rf2 e5 21. Nde2 b5 22. cxb5 axb5 23. Ng3 Bc6 24. Bg5 b4 25. Bxf6 Bxf6 26. Nce2 Qa7 27. Nh5 Bh4 28. g3 Bg5 29. Kf1 d5 30. exd5 Bxd5 31. f6 Rcd8 32. Qc2 Bh6 33. g4 g6 34. Nhg3 Be3 35. Rh2 Qb6 36. Ke1 Qxf6 37. h4 Bf3 38. g5 Rxd1+ 39. Qxd1 Qc6 40. Qd3 Bf4 41. Rh3 e4 42. Qd4 Be5 43. Qxb4 Bg4 44. Rh1 Bxg3+ 45. Nxg3 Qc1+ 46. Kf2 e3+ 47. Kg2 Qc2+ 48. Kg1 Qf2# 0-1

[Event "POL-chT U20"]
[Site "Chotowa"]
[Date "2025.06.19"]
[Round "6.10"]
[White "Wons, Krystian"]
[Black "Mroczkowski, Adam"]
[Result "0-1"]
[WhiteElo "1762"]
[BlackElo "1869"]
[PlyCount "94"]
[EventDate "2025.06.14"]
[EventType "team-tourn"]
[EventRounds "9"]
[EventCountry "POL"]
[SourceTitle "CB27_2025"]
[SourceDate "2025.07.02"]
[SourceVersion "1"]
[SourceVersionDate "2025.07.02"]
[SourceQuality "1"]
[WhiteTeam "Gdynia MDK"]
[BlackTeam "Warszawa Polonia"]
[WhiteTeamCountry "POL"]
[BlackTeamCountry "POL"]

1. d4 d5 2. c4 c6 3. cxd5 cxd5 4. Nc3 Nf6 5. Bf4 Nc6 6. e3 a6 7. a3 Bf5 8. Nf3 Rc8 9. Rc1 e6 10. b4 Be7 11. Nd2 0-0 12. Be2 a5 13. g4 axb4 14. Na2 Bg6 15. h4 h6 16. g5 hxg5 17. hxg5 Ne4 18. Nxe4 dxe4 19. Bh5 Qd5 20. Qg4 Rfd8 21. Qh3 Kf8 22. Be2 Ke8 23. Bc4 Qd7 24. Qh8+ Bf8 25. Nxb4 Nxb4 26. axb4 b5 27. Be5 Rxc4 28. Bxg7 Qd6 29. Rxc4 bxc4 30. Bxf8 Qxf8 31. Qe5 Qxb4+ 32. Kf1 Kd7 33. Kg2 Qd6 34. Qa5 Ke7 35. Rb1 Kf8 36. Rb7 Rc8 37. Qc3 Kg8 38. Rb5 Bf5 39. Rb1 Qd5 40. Qb4 c3 41. Qe7 c2 42. Rc1 Bg6 43. Kf1 Bh5 44. Qf6 Qf5 45. Qe7 Qh3+ 46. Ke1 Qh1+ 47. Kd2 Qd1+ 0-1

[Event "Warsaw Independence Rapid op"]
[Site "Warsaw"]
[Date "2024.11.11"]
[Round "2"]
[White "Gdanski, Jacek"]
[Black "Mroczkowski, Adam"]
[Result "1-0"]
[WhiteElo "2484"]
[BlackElo "1867"]
[PlyCount "121"]
[EventDate "2024.11.11"]
[EventType "swiss (rapid)"]
[EventRounds "9"]
[EventCountry "POL"]
[SourceTitle "CB47_2024"]
[SourceDate "2024.11.20"]
[SourceVersion "1"]
[SourceVersionDate "2024.11.20"]
[SourceQuality "1"]

1. e4 e5 2. Nc3 Nc6 3. Bc4 Nf6 4. d3 Bc5 5. Nf3 d6 6. Na4 Bb6 7. Nxb6 axb6 8. c3 0-0 9. Bb3 Ne7 10. Bg5 Ng6 11. Nh4 Kh8 12. Qf3 h6 13. Bxf6 Qxf6 14. Qxf6 gxf6 15. Nxg6+ fxg6 16. h4 Bd7 17. Ke2 Kg7 18. f3 Rae8 19. a4 Ra8 20. Ra3 Ra7 21. Rha1 Rfa8 22. Ke3 Ra5 23. Bc2 b5 24. b4 R5a6 25. a5 Kf7 26. d4 Ke7 27. g3 Rc6 28. Bd3 Rca6 29. c4 c6 30. d5 Rc8 31. dxc6 bxc6 32. Rc1 Kd8 33. Rac3 Raa8 34. R3c2 Rab8 35. c5 dxc5 36. Rxc5 Ra8 37. f4 exf4+ 38. gxf4 Ke7 39. Rg1 Rg8 40. Bc2 Kd6 41. e5+ fxe5 42. fxe5+ Kc7 43. Rxg6 Rxg6 44. Bxg6 Be6 45. Be4 Bd7 46. Kd4 Rd8 47. Ke3 Re8 48. Bg6 Rf8 49. Be4 Re8 50. Bf3 Rf8 51. e6 Re8 52. Re5 Bxe6 53. Bg4 Bf7 54. Rxe8 Bxe8 55. Kd4 Kd6 56. a6 Kc7 57. Kc5 Bg6 58. Bf3 Be8 59. a7 Kb7 60. a8Q+ Kxa8 61. Bxc6+ 1-0

[Event "Warsaw Maciei Memorial Blitz"]
[Site "Warsaw"]
[Date "2024.07.08"]
[Round "7"]
[White "Mroczkowski, Adam"]
[Black "Zawadzka, Beata"]
[Result "1/2-1/2"]
[WhiteElo "1684"]
[BlackElo "2329"]
[PlyCount "48"]
[EventDate "2024.07.08"]
[EventType "swiss (blitz)"]
[EventRounds "11"]
[EventCountry "POL"]
[SourceTitle "CBM 221 Extra"]
[Source "ChessBase"]
[SourceDate "2024.09.30"]
[SourceVersion "1"]
[SourceVersionDate "2024.09.30"]
[SourceQuality "1"]

1. e4 c5 2. Nf3 d6 3. d4 cxd4 4. Nxd4 Nf6 5. Nc3 a6 6. Bc4 e6 7. Bb3 b5 8. 0-0 Be7 9. f4 Bb7 10. e5 dxe5 11. fxe5 Bc5 12. Be3 Nc6 13. exf6 Bxd4 14. Bxd4 Qxd4+ 15. Qxd4 Nxd4 16. fxg7 Rg8 17. Rad1 Nxb3 18. axb3 Ke7 19. Rd2 Rxg7 20. Rfd1 Bc6 21. g3 Rc8 22. Ne2 Rc7 23. Nd4 Bb7 24. Re1 Kf8 1/2-1/2

[Event "Warsaw Maciei Memorial Blitz"]
[Site "Warsaw"]
[Date "2024.07.08"]
[Round "4"]
[White "Smetek, Michal"]
[Black "Mroczkowski, Adam"]
[Result "1-0"]
[WhiteElo "2133"]
[BlackElo "1684"]
[PlyCount "119"]
[EventDate "2024.07.08"]
[EventType "swiss (blitz)"]
[EventRounds "11"]
[EventCountry "POL"]
[SourceTitle "CBM 221 Extra"]
[Source "ChessBase"]
[SourceDate "2024.09.30"]
[SourceVersion "1"]
[SourceVersionDate "2024.09.30"]
[SourceQuality "1"]

1. d4 d5 2. c4 c6 3. Nc3 Nf6 4. Nf3 e6 5. g3 Nbd7 6. Bg2 Be7 7. 0-0 0-0 8. Qc2 Re8 9. e4 dxe4 10. Nxe4 Nxe4 11. Qxe4 Bf6 12. Ne5 Nxe5 13. dxe5 Be7 14. Be3 Qc7 15. h4 Bd7 16. Rfd1 Rab8 17. Bxa7 Ra8 18. Be3 Ra5 19. a3 Bc8 20. Bd4 c5 21. Bc3 Ra7 22. Rd2 Bd7 23. Qe3 Bc6 24. Bxc6 Qxc6 25. Rad1 b6 26. Qf4 Raa8 27. Rd3 Rad8 28. Qe3 Qc7 29. Qe4 Rxd3 30. Rxd3 Rd8 31. Rxd8+ Qxd8 32. Kg2 Qd1 33. Qa8+ Bf8 34. Qb7 Qd3 35. Qxb6 Qxc4 36. Qc6 Qb3 37. a4 Qb8 38. a5 Qa7 39. a6 c4 40. Qxc4 Bc5 41. Be1 h6 42. b4 Bb6 43. b5 Qd7 44. Qe2 g6 45. Kg1 Kg7 46. h5 Qd5 47. hxg6 fxg6 48. Bd2 Bc5 49. Bf4 Qd4 50. Qe1 Qd5 51. Qb1 Bb6 52. Qf1 g5 53. Bc1 Qxe5 54. Qd1 Qc7 55. Bb2+ Kf7 56. Qd3 Ke8 57. Qg6+ Kd8 58. Bf6+ Kd7 59. Qg7+ Ke8 60. Qxc7 1-0